Saturn (Record no. 231404)

MARC details
000 -LEADER
fixed length control field 00651nam a2200205Ia 4500
003 - CONTROL NUMBER IDENTIFIER
control field 3228
005 - DATE AND TIME OF LATEST TRANSACTION
control field 20240723130050.0
008 - FIXED-LENGTH DATA ELEMENTS--GENERAL INFORMATION
fixed length control field 210817s9999 xx 000 0 eng d
020 ## - INTERNATIONAL STANDARD BOOK NUMBER
International Standard Book Number 9781600144073
040 ## - CATALOGING SOURCE
Transcribing agency 3228
082 ## - DEWEY DECIMAL CLASSIFICATION NUMBER
Classification number J 523.46 ZOBE
Edition number 23
100 ## - MAIN ENTRY--PERSONAL NAME
Personal name Zobel, Derek,
Dates associated with a name 1983-
9 (RLIN) 187678
245 #0 - TITLE STATEMENT
Title Saturn
Statement of responsibility, etc. by Derek Zobel.
260 ## - PUBLICATION, DISTRIBUTION, ETC.
Place of publication, distribution, etc. Minneapolis, MN :
Name of publisher, distributor, etc. Bellwether Media,
Date of publication, distribution, etc. c2010.
300 ## - PHYSICAL DESCRIPTION
Extent 24 pages: color illustrations
Dimensions 24 cm
490 ## - SERIES STATEMENT
Materials specified Blastoff! readers. 3, Exploring space
500 ## - GENERAL NOTE
General note Includes bibliographical references and index.
610 ## - SUBJECT ADDED ENTRY--CORPORATE NAME
Corporate name or jurisdiction name as entry element Saturn (Planet)—Juvenile literature
9 (RLIN) 187679
942 ## - ADDED ENTRY ELEMENTS
item type Books
Source of classification or shelving scheme Dewey Decimal Classification
-- 375
-- Rosinah Mosako
Holdings
Withdrawn status Lost status Damaged status Not for loan Home library Current library Date acquired Cost, normal purchase price Total Checkouts Total Renewals Barcode Date last seen Date last checked out Price effective from item type
        Thistle Grove Thistle Grove 18.08.2021 130.00 1 2 33228024330225 14.06.2024 21.05.2024 18.08.2021 Books